| 000 | 01292 a2200145 4500 | ||
|---|---|---|---|
| 020 | _a9788492505647 | ||
| 082 |
_a709.946 _bAR786d7 |
||
| 100 |
_aVillaespesa Mar _9305 |
||
| 110 |
_aBNV Producciones _9304 |
||
| 245 | _aDesacuerdos 7 | ||
| 300 |
_a300p _c24p |
||
| 440 |
_aDesacuerdos _9243 |
||
| 505 |
_tEditorial _tDe cultura polt̕ica, cultura de gňero y aprendizaje del feminismo histr̤ico en el Estado espaǫl _tEspaǫlas con, contra, bajo, (d)el franquismo _tLa heterogeneidad como estrategia de afirmacin̤. La constitucin̤ de una mirada femenina antes y despuš de la Guerra Civil. _tEl imperio de "las seǫras". Org̕enes de un mito fundacional o el acceso de las mujeres a la institucin̤ arte. _tYes, we camp. El estilo como resistencia. Feminismos, disidencia de gňero y prc̀ticas subculturales en el Estado espaǫl. _tDesviando la atencin̤. De la representacin̤ del cuerpo al cuerpo vector en la nueva danza _tDel paradj̤ico reforzamiento (y descrďito) de la categora̕ mujer a su erosin̤ en las prc̀ticas y discursos arts̕ticos en el Estado espaǫl. _tDe la cultura feminista en la institucin̤ del arte. _tApuntes desde un feminismo que no lleg a̤l poder. _tLa re-politizacin̤ del feminismo, activismo y microdiscursos posidentitarios. |
||
| 650 |
_aArte _vCultura espaǫla _9244 |
||
| 999 |
_c57 _d57 |
||